| 000 | 00828nam a2200265Ia 4500 | ||
|---|---|---|---|
| 003 | OSt | ||
| 005 | 20221005091934.0 | ||
| 006 | a|||||r|||| 00| 0 | ||
| 007 | ta | ||
| 008 | 221004b |||||||| |||| 00| 0 eng d | ||
| 020 |
_a978 0 7453 3042 6 (pbk) _c1295.10 |
||
| 024 | _a103840 | ||
| 037 |
_b1103, 15/12/2010, Pioneer Books Distributors _cTextual |
||
| 040 |
_aCRL _cCRL _beng |
||
| 041 |
_2eng _aeng |
||
| 082 | _aY730aW94, Q0 | ||
| 100 | _aEriksen Thomas Hylland | ||
| 245 | 0 |
_aEthnicity and nationalism _b Anthropological perspectives |
|
| 250 | _a3rd | ||
| 260 |
_aNew York _bPluto Press U.S.A _c2010 |
||
| 300 |
_ax, 246p. _ccm. |
||
| 650 | _aSOCIOLOGY | ||
| 942 |
_hY730aW94, Q0 _cTEXL _2cc |
||
| 999 |
_c998000 _d998000 |
||